Bayerisch zu Deutsch #1 - Statistiken

Allgemein
  • Dieses Quiz wurde 385 mal gespielt
  • Das Durchschnittsergebnis liegt bei 8 aus 14
Antwortstatistiken
Bayerisch Deutsch % Korrekt
Servus Hallo
96%
Semml Brötchen
91%
Griaßdigood! Grüß Gott!
76%
Heid Heute
74%
Mia Wir
72%
Nüachtan Nüchtern
65%
Biddschen Bitte
61%
Gaudi Spaß
61%
An Guadn Guten Appetit
57%
Leid / Leidl Leute
50%
Fleischpflanzerl Frikadelle
46%
D’Fozzn Mund
29%
Habedere Hat mich gefreut
11%
Pfiad Eich Mach's gut
8%
Keine übereinstimmenden Quizze gefunden
Verteilung der Resultate
Anzahl Personen mit jedem Resultat
Perzentil nach korrekt beantworteten Fragen
Ihre Resultats-Entwicklung
Sie haben dieses Quiz noch nicht gespielt